000
00199nam a22000857a 4500
008
170619b xxu||||| |||| 00| 0 eng d
100
_9
3512
_a
Langton. J
245
_a
The fledgling
260
_a
U. S. A
_c
1980
999
_c
6896
_d
6896